| 000 | 00499nam a2200121Ia 4500 | ||
|---|---|---|---|
| 008 | 171212s9999 xx 000 0 und d | ||
| 020 | _a9781925021622 | ||
| 245 |
_ceditor Clark, Ian D.;Hercus, Luise;Kostanski, Laura _aIndigenous and Minority Placenames _bAustralian and International Perspectives |
||
| 260 |
_bANU E Press _c2014 |
||
| 650 | _aNames, Geographical -- Aboriginal Australian; Names, Geographical -- Australia | ||
| 650 | _aSociology | ||
| 856 | _uhttp://www.jstor.org/stable/j.ctt13www5z | ||
| 999 |
_c351152 _d351152 |
||